000
00308nam a2200121Ia 4500
005
20251222144755.0
008
251222s9999||||xx |||||||||||||| ||spa||
082
_a
338.642/L93/Ej.2
100
_a
Loyola Rosario, Víctor
245
0
_a
Pequeña Empresa:
264
_b
Fundación Friedrich Ebert
942
_c
LIB
999
_c
19493
_d
19493